00365nam a2200109Ia 4500008004100000041000800041082001500049100005400064245008900118260002900207300001900236241015s9999 xx 000 0 und d aeng a332.11 ASH aAshfaq, Muhammad / Mercon, Jo t / Hasan, Rashedul aCentral Bank Digital Currencies And The Global Financial System: Theory And Practice bDe GruyteraBostonc2023 a152;. P. 24 cm